Alle Länder mit einer Hauptstadt gleichen Anfangsbuchstabens - Statistiken

Allgemein
  • Dieses Quiz wurde 569 mal gespielt
  • Das Durchschnittsergebnis liegt bei 11 aus 26
Antwortstatistiken
Land Hauptstadt % Korrekt
Mexiko Mexiko-Stadt
78%
Brasilien Brasília
76%
Belgien Brüssel
72%
Algerien Algier
70%
Schweden Stockholm
69%
Guatemala Guatemala-Stadt
61%
Luxemburg Luxemburg
61%
Panama Panama-Stadt
61%
Andorra Andorra la Vella
59%
Tunesien Tunis
57%
San Marino San Marino
51%
Kuwait Kuwait-Stadt
44%
Südkorea Seoul
38%
Niger Niamey
34%
Dschibuti Dschibuti
32%
Äthiopien Addis Abeba
30%
Belize Belmopan
30%
Taiwan Taipeh
30%
Malediven Malé
29%
Brunei Bandar Seri Begawan
24%
São Tomé und Príncipe São Tomé
22%
Barbados Bridgetown
20%
Guyana Georgetown
20%
Mosambik Maputo
20%
Papua-Neuguinea Port Moresby
14%
Marshallinseln Majuro
13%
Keine übereinstimmenden Quizze gefunden
Verteilung der Resultate
Anzahl Personen mit jedem Resultat
Perzentil nach korrekt beantworteten Fragen
Ihre Resultats-Entwicklung
Sie haben dieses Quiz noch nicht gespielt